000 00359nam a2200145 i 4500
001 bg
100 1 _aPETROWSKIJ, I. I.
245 0 _aElektronnaja teorija poluprowodnikov /
_cI.I. Petrowskij.
250 _aIzd.2 dopol. i pererob.
260 _aMinsk,
_c1973.
040 _cBPK
041 _apol
942 _cKS
008 s pl f |000 0 pol
999 _c25947
_d25947
856 _uhttp://koha.tu.koszalin.pl/cgi-bin/koha/opac-detail.pl?biblionumber=25947
_yKatalog online BPK